Mathematik für Wirtschaftswissenschaftler

Salvato in:
Dettagli Bibliografici
Autore principale: Berg, Claus C.
Altri autori: Korb, Ulf-Günther
Natura: Libro
Lingua:tedesco
Pubblicazione: Wiesbaden Gabler 1985
Edizione:3. durchges. Aufl.
Soggetti:
Tags: Aggiungi Tag
Nessun Tag, puoi essere il primo ad aggiungerne!!

MARC

LEADER 00000nam a2200000 4500
001 c000014
005 20221220081947.7
020 |a 3-409-95015-X 
041 0 |a ger 
044 |a DE 
245 1 0 |a Mathematik für Wirtschaftswissenschaftler  |c Claus C. Berg, Ulf-Günther Korb 
250 |a 3. durchges. Aufl. 
264 1 |a Wiesbaden  |b Gabler  |c 1985 
300 |a 217 s. 
610 2 0 |a matematika 
610 2 0 |a pracovníci vedeckí 
610 2 0 |a veda ekonomická 
610 2 0 |a metódy ekonomicko-matematické 
610 2 0 |a modely ekonomicko-matematické 
100 1 |a Berg, Claus C. 
700 1 |a Korb, Ulf-Günther